00565nam a2200145 a 4500008004100000050001500041100002200056245004200078260005000120300001600170350000900186995008400195999001700279952012300296120416s1968 ||||||||||||||||| || u aTP 548 Ber aBerry, Cyril J. J10aWinemaking with canned or dried fruit aAndover, [Hants]bThe Amateur Winemakerc1968 a91p. : ill. a0.00 D0.00FCBU-MAIN LIBRARY (Kitwe)H1I2.00UAVAILABLEZAnnex Low-Usage Collection  c61798d61798 00102lcc4070a001b001cAnnex Low-Usage Collection d2022-11-30l0oTP 548 Berp017681r2022-11-30w2022-11-30y002